[Event "Pilsen Open 2024 - A2 INGEM IM Round Robin"]
[Site "Parkhotel Plzen ****, Plzen"]
[Date "2024.02.17"]
[Round "1"]
[Board "1"]
[White "Meers, Hubert"]
[Black "Stinka, Jakub"]
[Result "1/2-1/2"]
[WhiteElo "2270"]
[BlackElo "2333"]
[PlyCount "71"]
[EventDate "2024.02.17"]
[EventRounds "9"]
[EventCountry "CZE"]

1. Nf3 Nf6 2. b3 d5 3. Bb2 e6 4. g3 c5 5. Bg2 Nc6 6. d3 Be7 7. Nbd2 O-O 8. O-O b6
9. e4 Bb7 10. exd5 Nxd5 11. Nc4 Bf6 12. Nce5 Qc7 13. Re1 Rfd8 14. Qc1 Nxe5 15. Nxe5
Ne7 16. Qf4 Bxg2 17. Kxg2 Nf5 18. Re4 Nd4 19. Rc1 Rd5 20. Ng4 Qxf4 21. gxf4 Be7 22.
c4 Rd6 23. Bxd4 Rxd4 24. Rxd4 cxd4 25. Re1 f6 26. h3 Kf7 27. Nh2 Rd8 28. Nf3 Bc5
29. Re4 h6 30. b4 Bxb4 31. Rxd4 Bd6 32. f5 exf5 33. Rd5 g6 34. Nd4 a5 35. Nc6 Rd7
36. Nb8  1/2-1/2

[Event "Pilsen Open 2024 - A2 INGEM IM Round Robin"]
[Site "Parkhotel Plzen ****, Plzen"]
[Date "2024.02.17"]
[Round "1"]
[Board "2"]
[White "Rasmussen, Casper"]
[Black "Pujari, Rucha"]
[Result "0-1"]
[WhiteElo "2239"]
[BlackElo "2071"]
[PlyCount "86"]
[EventDate "2024.02.17"]
[EventRounds "9"]
[EventCountry "CZE"]

1. d4 d5 2. Nf3 Nf6 3. c4 e6 4. g3 Bb4+ 5. Bd2 Be7 6. Bg2 O-O 7. O-O c6 8. Qc2 b6
9. Bf4 Bb7 10. Rd1 Nbd7 11. Ne5 Rc8 12. Nc3 c5 13. dxc5 Nxe5 14. Bxe5 Ng4 15. Bd6
Bxd6 16. cxd6 Rxc4 17. e4 d4 18. Qe2 Ne5 19. f4 dxc3 20. fxe5 Rc5 21. Rac1 Rxe5 22.
Rxc3 f5 23. Rc7 Bd5 24. Qc2 fxe4 25. d7 e3 26. Bxd5 exd5 27. Re1 Qf6 28. Qe2 Qf2+
29. Kh1 Qxe2 30. Rxe2 d4 31. Kg2 Rd5 32. Rxa7 Rd8 33. Kf3 R5xd7 34. Rxd7 Rxd7 35.
Re1 Kf7 36. Ke4 Ke6 37. Kd3 Kd5 38. Rf1 Re7 39. a3 g6 40. Rc1 Re6 41. Rf1 e2 42.
Re1 Re3+ 43. Kd2 Kc4  0-1

[Event "Pilsen Open 2024 - A2 INGEM IM Round Robin"]
[Site "Parkhotel Plzen ****, Plzen"]
[Date "2024.02.17"]
[Round "1"]
[Board "3"]
[White "Imnadze, Nato"]
[Black "Van der Hagen, Loek"]
[Result "1/2-1/2"]
[WhiteElo "2228"]
[BlackElo "2382"]
[PlyCount "79"]
[EventDate "2024.02.17"]
[EventRounds "9"]
[EventCountry "CZE"]

1. d4 Nf6 2. Bf4 d6 3. Nc3 Nbd7 4. Nf3 c5 5. d5 Qa5 6. a4 Ne4 7. Qd3 f5 8. Bd2 Nxd2
9. Qxd2 h6 10. Nh4 Ne5 11. e4 fxe4 12. Be2 Kd8 13. O-O g5 14. f4 exf3 15. Nxf3 Bg7
16. Nxe5 Bxe5 17. Qd3 a6 18. Nd1 b5 19. c3 Rb8 20. Ne3 Qb6 21. Kh1 c4 22. Qe4 h5
23. axb5 axb5 24. Nc2 Bb7 25. Nb4 Qc5 26. Rf5 g4 27. Rf7 Ra8 28. Raf1 Ra7 29. Bd1
Ra1 30. Bc2 Rxf1+ 31. Rxf1 Kc7 32. Qf5 Kb6 33. Be4 Ra8 34. Nc6 Bxc6 35. dxc6 e6 36.
Qg5 Qf2 37. Qc1 Qe2 38. Re1 Qf2 39. Rf1 Qe2 40. Re1  1/2-1/2

[Event "Pilsen Open 2024 - A2 INGEM IM Round Robin"]
[Site "Parkhotel Plzen ****, Plzen"]
[Date "2024.02.17"]
[Round "1"]
[Board "4"]
[White "Babula, Milan"]
[Black "Pribyl, Josef"]
[Result "1/2-1/2"]
[WhiteElo "2103"]
[BlackElo "2221"]
[PlyCount "53"]
[EventDate "2024.02.17"]
[EventRounds "9"]
[EventCountry "CZE"]

1. e4 d5 2. exd5 Nf6 3. d4 Bg4 4. Nf3 Qxd5 5. Be2 Nc6 6. c4 Qf5 7. Be3 O-O-O 8. Nbd2
e5 9. d5 Nb4 10. O-O Nc2 11. Rc1 Nxe3 12. fxe3 Bc5 13. Rc3 h5 14. Kh1 e4 15. Nd4
Qe5 16. N2b3 Bd6 17. g3 Bh3 18. Na5 h4 19. Qb3 hxg3 20. Rf4 Bg2+ 21. Kxg2 Rxh2+ 22.
Kg1 Rdh8 23. Qxb7+ Kd7 24. Qb5+ Kc8 25. Qb7+ Kd7 26. Qb5+ Kc8 27. Qb7+  1/2-1/2

[Event "Pilsen Open 2024 - A2 INGEM IM Round Robin"]
[Site "Parkhotel Plzen ****, Plzen"]
[Date "2024.02.17"]
[Round "1"]
[Board "5"]
[White "Kuegel, Tobias"]
[Black "Plischki, Sebastian"]
[Result "1-0"]
[WhiteElo "2422"]
[BlackElo "2329"]
[PlyCount "109"]
[EventDate "2024.02.17"]
[EventRounds "9"]
[EventCountry "CZE"]

1. e4 c5 2. Nf3 d6 3. d4 cxd4 4. Nxd4 Nf6 5. f3 Nc6 6. c4 e6 7. Nc3 Be7 8. Be3 O-O
9. Qc2 d5 10. exd5 exd5 11. O-O-O Bc5 12. Kb1 Nxd4 13. Bxd4 Bxd4 14. Rxd4 Qb6 15.
Qd2 Bf5+ 16. Ka1 dxc4 17. Bxc4 Rad8 18. Rd1 Rxd4 19. Qxd4 Qxd4 20. Rxd4 Re8 21. b4
a6 22. b5 axb5 23. Nxb5 Kf8 24. Nd6 Re1+ 25. Kb2 Rb1+ 26. Ka3 Bg6 27. Bb3 Re1 28.
Nxb7 Re2 29. Kb4 Rxg2 30. a4 Bh5 31. Rd3 Rf2 32. a5 Bxf3 33. a6 Bg2 34. Rd8+ Ke7
35. Rb8 Rf4+ 36. Ka3 Nd7 37. a7 Nb6 38. Na5 Rf6 39. Kb4 h5 40. Kb5 Na8 41. Nc4 Rf5+
42. Kb4 Rf6 43. Ne3 Ra6 44. Nxg2 Rxa7 45. Kc5 Rc7+ 46. Kb5 Ra7 47. Bd5 Nc7+ 48. Kb6
Ra3 49. Kxc7 Rh3 50. Kc6 Rxh2 51. Rb7+ Kf6 52. Rxf7+ Kg6 53. Nf4+ Kh6 54. Ne6 g6
55. Rf8  1-0

[Event "Pilsen Open 2024 - A2 INGEM IM Round Robin"]
[Site "Parkhotel Plzen ****, Plzen"]
[Date "2024.02.18"]
[Round "2"]
[Board "1"]
[White "Stinka, Jakub"]
[Black "Plischki, Sebastian"]
[Result "1-0"]
[WhiteElo "2333"]
[BlackElo "2329"]
[PlyCount "61"]
[EventDate "2024.02.17"]
[EventRounds "9"]
[EventCountry "CZE"]

1. d4 Nf6 2. c4 e6 3. Nc3 Bb4 4. Nf3 Bxc3+ 5. bxc3 d6 6. g3 b6 7. Bg2 Bb7 8. O-O
O-O 9. Nh4 Bxg2 10. Nxg2 c5 11. d5 Qe7 12. f3 Nbd7 13. e4 Ne8 14. a4 a5 15. Ra2 e5
16. Qd3 Kh8 17. Re2 g6 18. Bh6 Ng7 19. f4 exf4 20. gxf4 Rae8 21. Rfe1 f6 22. Nh4
Qf7 23. Qh3 Re7 24. Rg2 Rg8 25. Kh1 Nh5 26. Reg1 Rxe4 27. Nf5 Rxf4 28. Nxd6 Qe7 29.
Qe6 Qxe6 30. dxe6 Ne5 31. Nf7+  1-0

[Event "Pilsen Open 2024 - A2 INGEM IM Round Robin"]
[Site "Parkhotel Plzen ****, Plzen"]
[Date "2024.02.18"]
[Round "2"]
[Board "2"]
[White "Pribyl, Josef"]
[Black "Kuegel, Tobias"]
[Result "0-1"]
[WhiteElo "2221"]
[BlackElo "2422"]
[PlyCount "86"]
[EventDate "2024.02.17"]
[EventRounds "9"]
[EventCountry "CZE"]

1. e4 e5 2. Nf3 Nc6 3. d4 exd4 4. Nxd4 Nf6 5. Nc3 Nxe4 6. Nxe4 Qe7 7. f3 d5 8. Bb5
Bd7 9. Bxc6 bxc6 10. Qe2 dxe4 11. fxe4 Qh4+ 12. g3 Qg4 13. Qxg4 Bxg4 14. h3 O-O-O
15. Be3 Bd7 16. Nb3 Re8 17. O-O-O Rxe4 18. Bxa7 Ra4 19. Bc5 Rxa2 20. Kb1 Ra8 21.
Rd4 Be6 22. Bxf8 Rxf8 23. Nc5 Bd7 24. Kc1 Be6 25. Kd2 Rd8 26. Ke3 Ra2 27. Rb4 Ra5
28. Nxe6 Re8 29. Re4 f5 30. Rc4 Rxe6+ 31. Kf4 Kd7 32. g4 fxg4 33. hxg4 h6 34. Rh5
Rd5 35. Re4 Rxe4+ 36. Kxe4 Rxh5 37. gxh5 Ke6 38. b4 Kf6 39. c4 g5 40. hxg6 Kxg6 41.
b5 cxb5 42. cxb5 h5 43. Kd5 h4  0-1

[Event "Pilsen Open 2024 - A2 INGEM IM Round Robin"]
[Site "Parkhotel Plzen ****, Plzen"]
[Date "2024.02.18"]
[Round "2"]
[Board "3"]
[White "Van der Hagen, Loek"]
[Black "Babula, Milan"]
[Result "1/2-1/2"]
[WhiteElo "2382"]
[BlackElo "2103"]
[PlyCount "170"]
[EventDate "2024.02.17"]
[EventRounds "9"]
[EventCountry "CZE"]

1. e4 e6 2. d4 d5 3. Nd2 a6 4. Ngf3 Nf6 5. e5 Nfd7 6. c3 c5 7. Bd3 Nc6 8. O-O b5
9. Bc2 Be7 10. Re1 c4 11. Nf1 Nb6 12. Ng3 h5 13. h3 a5 14. Nh2 g6 15. Ne2 Kd7 16.
Nf1 Kc7 17. Ne3 Bd7 18. f4 Qg8 19. Bd2 Qg7 20. Kh1 f5 21. exf6 Bxf6 22. Ng1 g5 23.
fxg5 Bxg5 24. Nf3 Be7 25. Nf1 Raf8 26. Qe2 Bd6 27. Be3 Nc8 28. Bg1 N8e7 29. Bh2 Bxh2
30. Kxh2 Ng6 31. Bxg6 Qxg6 32. Ne5 Qf6 33. Nxc6 Kxc6 34. Nd2 Qf4+ 35. Kg1 h4 36.
Nf3 Kb7 37. Qe5 Rhg8 38. Qxf4 Rxf4 39. Kf2 Kc7 40. Re5 Rh8 41. Rae1 b4 42. g3 hxg3+
43. Kxg3 Rf6 44. Ng5 Kd6 45. h4 Rhh6 46. Nh3 Be8 47. Nf4 Bf7 48. Kg4 Bg8 49. Kg5
Bh7 50. h5 Be4 51. R1xe4 dxe4 52. Ng6 Rhxg6+ 53. hxg6 Rf2 54. g7 Ke7 55. g8=Q Rg2+
56. Kf4 Rxg8 57. Rxa5 Rg2 58. cxb4 Rxb2 59. a3 Re2 60. Rc5 Ra2 61. Rxc4 Rxa3 62.
Kxe4 Rb3 63. Rc7+ Kd6 64. Rb7 Kc6 65. Rb8 Kc7 66. Rb5 Kc6 67. Rc5+ Kb6 68. Re5 Rxb4
69. Rxe6+ Kc7 70. Ke5 Rb1 71. Re7+ Kd8 72. Rh7 Rb5+ 73. d5 Rb6 74. Rf7 Rh6 75. Ra7
Rg6 76. Ra4 Kd7 77. Rh4 Rg5+ 78. Kd4 Rg6 79. Kc5 Rf6 80. Rh5 Rg6 81. d6 Rg1 82. Rh7+
Kd8 83. Rh5 Kd7 84. Rh7+ Kd8 85. d7 Rg6  1/2-1/2

[Event "Pilsen Open 2024 - A2 INGEM IM Round Robin"]
[Site "Parkhotel Plzen ****, Plzen"]
[Date "2024.02.18"]
[Round "2"]
[Board "4"]
[White "Pujari, Rucha"]
[Black "Imnadze, Nato"]
[Result "1-0"]
[WhiteElo "2071"]
[BlackElo "2228"]
[PlyCount "67"]
[EventDate "2024.02.17"]
[EventRounds "9"]
[EventCountry "CZE"]

1. d4 Nf6 2. c4 e6 3. Nf3 d5 4. Nc3 Bb4 5. Qa4+ Nc6 6. a3 Be7 7. e3 O-O 8. Bd3 a6
9. O-O dxc4 10. Bxc4 Bd6 11. h3 e5 12. Qc2 Qe8 13. b4 b5 14. Bd3 Bb7 15. Ne4 Nxe4
16. Bxe4 h6 17. dxe5 Bxe5 18. Nxe5 Qxe5 19. Bb2 Qe6 20. Rac1 Nd8 21. Qc3 f6 22. Bxb7
Nxb7 23. Qxc7 Rf7 24. Qc6 Qb3 25. Bd4 Qxa3 26. Qe6 Raf8 27. Rc7 Nd8 28. Qd5 Qd3 29.
Rc8 Nb7 30. Rc7 Nd8 31. Rd7 Qc4 32. Rxd8 Rxd8 33. Qxd8+ Rf8 34. Qd6  1-0

[Event "Pilsen Open 2024 - A2 INGEM IM Round Robin"]
[Site "Parkhotel Plzen ****, Plzen"]
[Date "2024.02.18"]
[Round "2"]
[Board "5"]
[White "Meers, Hubert"]
[Black "Rasmussen, Casper"]
[Result "1-0"]
[WhiteElo "2270"]
[BlackElo "2239"]
[PlyCount "107"]
[EventDate "2024.02.17"]
[EventRounds "9"]
[EventCountry "CZE"]

1. e4 e5 2. Nf3 Nf6 3. Nc3 Nc6 4. d4 exd4 5. Nxd4 Bb4 6. Nxc6 bxc6 7. Bd3 d5 8. exd5
cxd5 9. O-O O-O 10. Bg5 c6 11. Qf3 h6 12. Bh4 Rb8 13. h3 Bd6 14. b3 Rb4 15. Bg3 Bxg3
16. Qxg3 Nh5 17. Qe5 Nf4 18. Rfe1 Bxh3 19. gxh3 Nxh3+ 20. Kf1 Rf4 21. Re3 Qh4 22.
Ke2 Qxf2+ 23. Kd1 d4 24. Rxh3 dxc3 25. Qe3 Qg2 26. Rg3 Qh1+ 27. Qg1 Qh5+ 28. Kc1
Qe5 29. a4 a5 30. Kb1 Rb8 31. Re3 Qd4 32. Qe1 g6 33. Re8+ Rxe8 34. Qxe8+ Kg7 35.
Qxc6 h5 36. Ka2 Rf2 37. Rf1 Rxf1 38. Bxf1 Qd2 39. Bd3 h4 40. b4 axb4 41. Kb3 h3 42.
Kxb4 h2 43. Be4 f5 44. Bh1 Qd4+ 45. Kb3 Kh6 46. a5 Qg1 47. a6 Qa1 48. Kc4 f4 49.
Qb7 Qf1+ 50. Kxc3 Qa1+ 51. Kc4 Qa2+ 52. Kd3 Qa3+ 53. c3 Qc1 54. a7  1-0

[Event "Pilsen Open 2024 - A2 INGEM IM Round Robin"]
[Site "Parkhotel Plzen ****, Plzen"]
[Date "2024.02.19"]
[Round "3"]
[Board "1"]
[White "Rasmussen, Casper"]
[Black "Stinka, Jakub"]
[Result "1/2-1/2"]
[WhiteElo "2239"]
[BlackElo "2333"]
[PlyCount "91"]
[EventDate "2024.02.17"]
[EventRounds "9"]
[EventCountry "CZE"]

1. d4 Nf6 2. Nf3 e6 3. c4 b6 4. a3 Ba6 5. e3 d5 6. Nbd2 Be7 7. Qa4+ c6 8. cxd5 Bxf1
9. Nxf1 exd5 10. Ng3 O-O 11. Nf5 Ne4 12. Nxe7+ Qxe7 13. O-O c5 14. dxc5 bxc5 15.
Rd1 Nd7 16. Bd2 a5 17. Rac1 c4 18. b4 Rfb8 19. Qc2 Nxd2 20. Qxd2 axb4 21. axb4 Nf6
22. Rb1 Ne4 23. Qc2 Rxb4 24. Nd4 Rxb1 25. Rxb1 g6 26. h3 Qa3 27. Nc6 Qc3 28. Qd1
Qf6 29. Qxd5 Rc8 30. Qxe4 Rxc6 31. Qe8+ Kg7 32. Rb8 Qd6 33. Rd8 Qc5 34. Qh8+ Kh6
35. Rd4 g5 36. h4 c3 37. hxg5+ Qxg5 38. Qf8+ Kg6 39. Qg8+ Kh6 40. Qf8+ Kg6 41. Qg8+
Kf6 42. Rf4+ Qxf4 43. exf4 c2 44. Qg5+ Ke6 45. f5+ Kd5 46. Qc1  1/2-1/2

[Event "Pilsen Open 2024 - A2 INGEM IM Round Robin"]
[Site "Parkhotel Plzen ****, Plzen"]
[Date "2024.02.19"]
[Round "3"]
[Board "2"]
[White "Imnadze, Nato"]
[Black "Meers, Hubert"]
[Result "1-0"]
[WhiteElo "2228"]
[BlackElo "2270"]
[PlyCount "105"]
[EventDate "2024.02.17"]
[EventRounds "9"]
[EventCountry "CZE"]

1. d4 Nf6 2. Nf3 e6 3. e3 b6 4. Bd3 Bb7 5. O-O Be7 6. b3 O-O 7. Bb2 c5 8. Nbd2 Nc6
9. a3 Qc7 10. Qe2 cxd4 11. exd4 Qf4 12. c4 d5 13. Rac1 dxc4 14. bxc4 Rfd8 15. Rfd1
Rac8 16. h3 Na5 17. Rc2 Bc6 18. Re1 Bf8 19. Ne5 Ba4 20. Ndf3 Bxc2 21. Bxc2 Bd6 22.
g3 Qh6 23. Bc1 Qxh3 24. Ng5 Qh5 25. Bxh7+ Kf8 26. Nxe6+ Ke7 27. Qxh5 Nxh5 28. Nxd8
Kxd8 29. Nxf7+ Kc7 30. Bf5 Rf8 31. Nxd6 Kxd6 32. Bg4 Nf6 33. Re6+ Kc7 34. Bf4+ Kd8
35. Be2 Re8 36. Rxe8+ Kxe8 37. c5 Nb3 38. Bb5+ Kd8 39. c6 Nd5 40. Bg5+ Nf6 41. Bf4
Nd5 42. Be5 Nc7 43. Bd3 Na5 44. Be4 Nc4 45. Bxg7 Nxa3 46. d5 Nc4 47. Bf6+ Kc8 48.
Be7 Ne8 49. Bg6 Ned6 50. Bd3 Kc7 51. g4 Ne5 52. g5 Nc8 53. Bf6  1-0

[Event "Pilsen Open 2024 - A2 INGEM IM Round Robin"]
[Site "Parkhotel Plzen ****, Plzen"]
[Date "2024.02.19"]
[Round "3"]
[Board "3"]
[White "Babula, Milan"]
[Black "Pujari, Rucha"]
[Result "1/2-1/2"]
[WhiteElo "2103"]
[BlackElo "2071"]
[PlyCount "153"]
[EventDate "2024.02.17"]
[EventRounds "9"]
[EventCountry "CZE"]

1. e4 e5 2. Nc3 Nf6 3. g3 d5 4. exd5 c6 5. d4 Bb4 6. dxe5 Nxd5 7. Bd2 Nxc3 8. bxc3
Ba5 9. Nf3 O-O 10. Bg2 Bg4 11. O-O Nd7 12. Re1 Re8 13. Bg5 Qxg5 14. Nxg5 Bxd1 15.
Raxd1 Nxe5 16. Ne4 Nc4 17. Bf1 Nb6 18. g4 Nd5 19. Bc4 Rad8 20. Kf1 h6 21. Rd3 Kf8
22. f3 Nxc3 23. Nxc3 Rxe1+ 24. Kxe1 Rxd3 25. Bxd3 Bxc3+ 26. Ke2 Ke7 27. h4 Kd6 28.
Bc4 f6 29. Kd3 Be1 30. h5 Ke5 31. Bf7 Kf4 32. Ke2 Ba5 33. Be6 Ke5 34. Bc8 b6 35.
Kd3 Kd5 36. Bf5 Kc5 37. Be4 Be1 38. c3 Bg3 39. Bf5 Be5 40. Bd7 a5 41. Be8 Kb5 42.
Kc2 Kc5 43. Kd3 Bg3 44. Bd7 Be1 45. Be8 b5 46. Bd7 Kb6 47. Be8 Kc7 48. Kd4 Kd6 49.
Kd3 f5 50. Bg6 fxg4 51. fxg4 c5 52. c4 b4 53. Be8 Ke5 54. Bd7 Kf4 55. Kc2 Bh4 56.
Kb3 Ke3 57. Bc6 Kd4 58. Bd7 Bf6 59. Be8 Kd3 60. Bd7 Ke3 61. Be6 Ke4 62. Bd7 Kd4 63.
Bc6 Ke3 64. Bd7 Kf4 65. Be6 Bd8 66. Bd7 Kg5 67. Bc8 Kf6 68. Bd7 Ke7 69. Bf5 Kd6 70.
Bg6 Ke5 71. Be8 Ke4 72. Bc6+ Kd3 73. Bd7 Kd2 74. Bc6 Kc1 75. Bd7 Bf6 76. Bc6 Bc3
77. Bd7  1/2-1/2

[Event "Pilsen Open 2024 - A2 INGEM IM Round Robin"]
[Site "Parkhotel Plzen ****, Plzen"]
[Date "2024.02.19"]
[Round "3"]
[Board "4"]
[White "Kuegel, Tobias"]
[Black "Van der Hagen, Loek"]
[Result "1-0"]
[WhiteElo "2422"]
[BlackElo "2382"]
[PlyCount "97"]
[EventDate "2024.02.17"]
[EventRounds "9"]
[EventCountry "CZE"]

1. e4 e6 2. d4 d5 3. Nc3 Bb4 4. Nge2 dxe4 5. a3 Be7 6. Nxe4 Nf6 7. Nxf6+ Bxf6 8.
Be3 O-O 9. Qd2 c5 10. O-O-O cxd4 11. Nxd4 e5 12. Nb5 Qxd2+ 13. Rxd2 Nc6 14. Bc4 a6
15. Nc7 Rb8 16. Nd5 Bd8 17. Nb6 Nd4 18. Bxd4 exd4 19. Nd5 b5 20. Bb3 Re8 21. Rxd4
h5 22. h4 Bb7 23. Nf4 Re5 24. Rhd1 Bb6 25. Rd7 Rf5 26. Rxf7 Rxf7 27. Rd7 Bxf2 28.
Nxh5 Kh7 29. Rxf7 Be3+ 30. Kb1 Bd4 31. c3 Kh6 32. cxd4 Kxh5 33. Rxg7 Kxh4 34. Be6
Be4+ 35. Kc1 Kh5 36. Kd2 Rb6 37. Bh3 b4 38. axb4 Rxb4 39. Kc3 Rb6 40. Rc7 Kg5 41.
Re7 Rc6+ 42. Kb4 Bd3 43. b3 Bc2 44. Re5+ Kf4 45. Rc5 Rb6+ 46. Ka5 Rxb3 47. Rxc2 Ke4
48. Rc4 Kd5 49. Rb4  1-0

[Event "Pilsen Open 2024 - A2 INGEM IM Round Robin"]
[Site "Parkhotel Plzen ****, Plzen"]
[Date "2024.02.19"]
[Round "3"]
[Board "5"]
[White "Plischki, Sebastian"]
[Black "Pribyl, Josef"]
[Result "1/2-1/2"]
[WhiteElo "2329"]
[BlackElo "2221"]
[PlyCount "59"]
[EventDate "2024.02.17"]
[EventRounds "9"]
[EventCountry "CZE"]

1. Nf3 Nf6 2. c4 g6 3. Nc3 d5 4. cxd5 Nxd5 5. h4 h6 6. d4 Bg7 7. e4 Nb6 8. Be3 Bg4
9. Qd2 Bxf3 10. gxf3 Nc6 11. O-O-O e6 12. Kb1 Qe7 13. Bb5 a6 14. Bxc6+ bxc6 15. Qc2
O-O 16. h5 Nc4 17. Ka1 Nxe3 18. fxe3 c5 19. e5 cxd4 20. exd4 c5 21. hxg6 cxd4 22.
Rxd4 fxg6 23. Qxg6 Rxf3 24. Rxh6 Rf1+ 25. Nb1 Qf7 26. a3 Qxg6 27. Rxg6 Kf7 28. Rg5
Ra7 29. Ra4 Rf5 30. Rg2  1/2-1/2

[Event "Pilsen Open 2024 - A2 INGEM IM Round Robin"]
[Site "Parkhotel Plzen ****, Plzen"]
[Date "2024.02.20"]
[Round "4"]
[Board "1"]
[White "Stinka, Jakub"]
[Black "Pribyl, Josef"]
[Result "1-0"]
[WhiteElo "2333"]
[BlackElo "2221"]
[PlyCount "67"]
[EventDate "2024.02.17"]
[EventRounds "9"]
[EventCountry "CZE"]

1. d4 Nf6 2. c4 g6 3. Nc3 d5 4. cxd5 Nxd5 5. e4 Nxc3 6. bxc3 Bg7 7. Nf3 O-O 8. Be2
b6 9. O-O Bb7 10. Qc2 Nd7 11. Bg5 Qe8 12. Rfe1 e5 13. Rad1 h6 14. Bh4 exd4 15. cxd4
Bxe4 16. Qxc7 Qc8 17. Qxc8 Raxc8 18. Be7 Rfe8 19. Ba6 Rc7 20. Bd6 Rc6 21. Bg3 Rce6
22. Bb5 Bxf3 23. Rxe6 fxe6 24. gxf3 Re7 25. Bd6 Rf7 26. Bc4 Bf8 27. d5 e5 28. Bc7
Rf6 29. d6+ Kh7 30. Bb5 Rf7 31. Bd8 Nc5 32. d7 Ne6 33. Bc7 Bc5 34. Bc4  1-0

[Event "Pilsen Open 2024 - A2 INGEM IM Round Robin"]
[Site "Parkhotel Plzen ****, Plzen"]
[Date "2024.02.20"]
[Round "4"]
[Board "2"]
[White "Van der Hagen, Loek"]
[Black "Plischki, Sebastian"]
[Result "1/2-1/2"]
[WhiteElo "2382"]
[BlackElo "2329"]
[PlyCount "117"]
[EventDate "2024.02.17"]
[EventRounds "9"]
[EventCountry "CZE"]

1. e4 c5 2. Nf3 d6 3. d4 cxd4 4. Nxd4 Nf6 5. Nc3 a6 6. Be2 e6 7. f4 Qc7 8. Be3 Nc6
9. O-O Be7 10. Kh1 O-O 11. Bf3 Bd7 12. a4 Nxd4 13. Qxd4 Bc6 14. Rad1 Rfd8 15. Qb6
Qb8 16. f5 Qc8 17. Qb3 Re8 18. Bd4 e5 19. Bb6 Qd7 20. Rf2 Bd8 21. Bc5 Bc7 22. Rfd2
Red8 23. Qa3 Ne8 24. a5 Qe7 25. Be3 Rab8 26. Qb4 Nf6 27. g4 h6 28. Rg2 Nh7 29. Nd5
Bxd5 30. Rxd5 b6 31. axb6 Bxb6 32. Bxb6 Qb7 33. Rxd6 Rxd6 34. Qxd6 Qxb6 35. Qxb6
Rxb6 36. b3 Ng5 37. Rg3 Rd6 38. h4 Nxf3 39. Rxf3 Rd4 40. Re3 Rd1+ 41. Kg2 Rd2+ 42.
Kf3 Rxc2 43. g5 h5 44. Rd3 Rh2 45. Rd8+ Kh7 46. Rf8 Rh3+ 47. Kf2 Rxh4 48. Rxf7 Kg8
49. g6 Rxe4 50. Re7 Rf4+ 51. Kg3 Rxf5 52. Re8+ Rf8 53. Rxe5 Rb8 54. Kh4 Kf8 55. Rf5+
Ke7 56. Rf7+ Ke6 57. Rxg7 Kf6 58. Ra7 Kxg6 59. Rxa6+  1/2-1/2

[Event "Pilsen Open 2024 - A2 INGEM IM Round Robin"]
[Site "Parkhotel Plzen ****, Plzen"]
[Date "2024.02.20"]
[Round "4"]
[Board "3"]
[White "Pujari, Rucha"]
[Black "Kuegel, Tobias"]
[Result "0-1"]
[WhiteElo "2071"]
[BlackElo "2422"]
[PlyCount "120"]
[EventDate "2024.02.17"]
[EventRounds "9"]
[EventCountry "CZE"]

1. d4 Nf6 2. c4 e6 3. Nf3 d5 4. Nc3 Bb4 5. Qa4+ Nc6 6. a3 Bxc3+ 7. bxc3 Ne4 8. Qc2
Na5 9. e3 c5 10. Nd2 Nxd2 11. Bxd2 Nxc4 12. Bxc4 dxc4 13. Qa4+ Bd7 14. Qxc4 cxd4
15. cxd4 Qg5 16. Qc5 Qxc5 17. dxc5 Bc6 18. O-O O-O-O 19. Ba5 Rd5 20. Rfc1 Rg5 21.
g3 h5 22. h4 Rg4 23. Bc3 Rh6 24. Kh2 g5 25. f3 Bxf3 26. Rf1 Bd5 27. hxg5 Rxg5 28.
Bf6 Rg4 29. Bh4 f5 30. Rf4 Rh7 31. Rc1 Rf7 32. Rd1 Rc7 33. Rc1 b6 34. Bf6 bxc5 35.
Be5 Rc6 36. Rb1 Rb6 37. Rxb6 axb6 38. Rxg4 fxg4 39. Kg1 Kd7 40. Kf2 b5 41. Ke2 Be4
42. Kd2 b4 43. axb4 cxb4 44. Bf6 Kd6 45. Ke2 Kd5 46. Kd2 b3 47. Ba1 Bc2 48. Ke2 Ke4
49. Bd4 Bd3+ 50. Kd2 Bc4 51. Bf6 Kf3 52. Be5 Bd5 53. Bf4 Be4 54. Be5 Bc2 55. Bf4
h4 56. gxh4 g3 57. h5 g2 58. Bh2 Kf2 59. h6 g1=Q 60. Bxg1+ Kxg1  0-1

[Event "Pilsen Open 2024 - A2 INGEM IM Round Robin"]
[Site "Parkhotel Plzen ****, Plzen"]
[Date "2024.02.20"]
[Round "4"]
[Board "4"]
[White "Meers, Hubert"]
[Black "Babula, Milan"]
[Result "1-0"]
[WhiteElo "2270"]
[BlackElo "2103"]
[PlyCount "63"]
[EventDate "2024.02.17"]
[EventRounds "9"]
[EventCountry "CZE"]

1. d4 c5 2. e4 cxd4 3. Nf3 Qa5+ 4. Bd2 Qb6 5. Na3 Nc6 6. Bc4 d6 7. O-O Nf6 8. Qe1
e6 9. c3 a6 10. Bb3 dxc3 11. Bxc3 Be7 12. Nc4 Qc7 13. a4 b6 14. e5 dxe5 15. Ncxe5
Na5 16. Ba2 O-O 17. Rc1 Qd6 18. b4 Nb7 19. Nc4 Qd8 20. Nfe5 Nd5 21. Bb1 Bf6 22. Bd4
b5 23. Nc6 Qe8 24. Nb6 Nxb6 25. Qe4 g6 26. Bxf6 Nd6 27. Qh4 Nd5 28. Rfd1 h5 29. Rxd5
Qxc6 30. Rxc6 exd5 31. Rxd6 Re8 32. Bc3  1-0

[Event "Pilsen Open 2024 - A2 INGEM IM Round Robin"]
[Site "Parkhotel Plzen ****, Plzen"]
[Date "2024.02.20"]
[Round "4"]
[Board "5"]
[White "Rasmussen, Casper"]
[Black "Imnadze, Nato"]
[Result "1-0"]
[WhiteElo "2239"]
[BlackElo "2228"]
[PlyCount "193"]
[EventDate "2024.02.17"]
[EventRounds "9"]
[EventCountry "CZE"]

1. d4 Nf6 2. Nf3 e6 3. c4 d5 4. g3 dxc4 5. Bg2 Nc6 6. O-O Rb8 7. Nc3 b5 8. Ne5 Nxe5
9. dxe5 Nd7 10. Be3 Bc5 11. Bxc5 Nxc5 12. Bc6+ Bd7 13. Qd4 Qe7 14. Bxd7+ Nxd7 15.
Qxa7 Qc5 16. Qxc5 Nxc5 17. a4 b4 18. Nb5 Nb3 19. Rad1 Ke7 20. Nd4 Na5 21. f4 Rhd8
22. Kf2 g6 23. g4 f6 24. exf6+ Kxf6 25. e4 c5 26. e5+ Ke7 27. Nb5 Rd3 28. Ke2 Rh3
29. Rf2 Rb3 30. Ke1 Nc6 31. Rc2 c3 32. bxc3 bxc3 33. Rxc3 Rxc3 34. Nxc3 g5 35. Rd6
Nd4 36. Ne4 gxf4 37. Nxc5 Rb1+ 38. Kd2 f3 39. Ne4 f2 40. Nxf2 Nf3+ 41. Ke2 Nxe5 42.
Ra6 Rb2+ 43. Ke3 Nc4+ 44. Kf3 Kf6 45. h3 Rb3+ 46. Kf4 Nd2 47. g5+ Kf7 48. Kg4 Rb4+
49. Kh5 Nf1 50. Ra7+ Kg8 51. Ra8+ Kg7 52. Ra7+ Kg8 53. g6 Ng3+ 54. Kg5 hxg6 55. Kxg6
Kf8 56. Ng4 Ke8 57. Ne5 Rh4 58. Kg5 Rh5+ 59. Kg4 Rxe5 60. Kxg3 Re4 61. h4 Kf8 62.
h5 Kg8 63. h6 Kh8 64. a5 Ra4 65. a6 e5 66. Kf3 Kg8 67. Rg7+ Kh8 68. Ra7 Kg8 69. Ke3
Kh8 70. h7 e4 71. Kf4 e3+ 72. Kf3 e2 73. Ra8+ Kxh7 74. Kxe2 Ra3 75. Kd2 Kg7 76. Kc2
Ra1 77. Kb2 Ra4 78. Kb3 Ra1 79. Kb2 Ra4 80. Kb3 Ra1 81. Kb4 Kf7 82. Kb5 Rb1+ 83.
Kc5 Rc1+ 84. Kb5 Rb1+ 85. Kc6 Rc1+ 86. Kb6 Rb1+ 87. Kc6 Rc1+ 88. Kb7 Rb1+ 89. Ka7
Ke7 90. Rb8 Rc1 91. Rh8 Kd7 92. Kb6 Rb1+ 93. Kc5 Rc1+ 94. Kd5 Rc8 95. Rh7+ Ke8 96.
Kd6 Kf8 97. Rh8+  1-0

[Event "Pilsen Open 2024 - A2 INGEM IM Round Robin"]
[Site "Parkhotel Plzen ****, Plzen"]
[Date "2024.02.20"]
[Round "5"]
[Board "1"]
[White "Imnadze, Nato"]
[Black "Stinka, Jakub"]
[Result "0-1"]
[WhiteElo "2228"]
[BlackElo "2333"]
[PlyCount "114"]
[EventDate "2024.02.17"]
[EventRounds "9"]
[EventCountry "CZE"]

1. d4 Nf6 2. Nf3 d5 3. e3 e6 4. Bd3 b6 5. b3 Bb7 6. O-O Bd6 7. Bb2 O-O 8. Nbd2 c5
9. Ne5 Nc6 10. a3 Rc8 11. Qf3 Qc7 12. Nxc6 Bxc6 13. dxc5 Bxh2+ 14. Kh1 Be5 15. cxb6
axb6 16. Bd4 Ne4 17. Bxe4 dxe4 18. Qe2 Bxd4 19. exd4 Qf4 20. Qe3 Qh4+ 21. Kg1 f5
22. f4 Rf6 23. Qe1 Qh5 24. Qd1 Qxd1 25. Rfxd1 e3 26. Nc4 Rg6 27. Nxe3 Bxg2 28. Kf2
Be4 29. c4 Rh6 30. d5 Rh2+ 31. Kg1 Rh3 32. Re1 exd5 33. Nxd5 Kf7 34. Kf2 Rxb3 35.
Ne3 Rd8 36. Red1 Rxd1 37. Rxd1 Ke6 38. Rd8 Rxa3 39. Rb8 Rb3 40. c5 b5 41. Rb6+ Kd7
42. Rd6+ Kc7 43. Re6 b4 44. Re8 Kc6 45. Re7 Rb2+ 46. Ke1 Rh2 47. Nc4 Kxc5 48. Rc7+
Kd4 49. Nd2 Bd5 50. Rd7 Kc5 51. Nf1 Ra2 52. Ne3 Be4 53. Rc7+ Kd4 54. Nd1 b3 55. Rd7+
Bd5 56. Rd8 h5 57. Rh8 h4  0-1